[Event "Abierto Int. UNAM"]
[Site "Mexico MEX"]
[Date "2012.11.24"]
[Round "6"]
[White "Hernandez Carmenates, Holden"]
[Black "Hambleton, Aman"]
[Result "1/2-1/2"]
[WhiteElo "2562"]
[BlackElo "2404"]
[PlyCount "90"]
[EventDate "2012.11.21"]
[EventType "swiss"]
[EventRounds "9"]
[EventCountry "MEX"]

1. d4 e6 2. c4 Nf6 3. Nf3 b6 4. Nc3 Bb7 5. a3 d5 6. Qc2 Be7 7. cxd5 Nxd5 8. Bd2
O-O 9. e4 Nxc3 10. Bxc3 c5 11. dxc5 bxc5 12. Rd1 Qc7 13. Bd3 Nc6 14. e5 h6 15.
O-O Rfd8 16. Bh7+ Kh8 17. Be4 Rac8 18. Rxd8+ Rxd8 19. Rd1 Kg8 20. h4 Bf8 21.
Rxd8 Nxd8 22. h5 Bxe4 23. Qxe4 Qd7 24. g4 Nc6 25. Kg2 Ne7 26. Bd2 Nd5 27. g5
Ne7 28. g6 fxg6 29. hxg6 Nf5 30. Qa8 Ne7 31. Be3 Nxg6 32. Bxc5 Qf7 33. Bxf8
Nxf8 34. Qe4 Ng6 35. Kg3 Ne7 36. Nd4 Qh5 37. b4 Qg5+ 38. Kf3 Ng6 39. Nc6 Qc1
40. Qxg6 Qxc6+ 41. Qe4 Qxe4+ 42. Kxe4 Kf7 43. b5 Ke7 44. a4 Kd7 45. a5 Kc7
1/2-1/2

[Event "Abierto Int. UNAM"]
[Site "Mexico MEX"]
[Date "2012.11.24"]
[Round "7"]
[White "Hambleton, Aman"]
[Black "Martinez Duany, Lelys Stanley"]
[Result "1-0"]
[WhiteElo "2404"]
[BlackElo "2463"]
[PlyCount "76"]
[EventDate "2012.11.21"]
[EventType "swiss"]
[EventRounds "9"]
[EventCountry "MEX"]

1. d4 Nf6 2. c4 d6 3. Nc3 Nbd7 4. e4 e5 5. Nge2 g6 6. f3 h5 7. Be3 Bh6 8. Bxh6
Rxh6 9. Qd2 Rh8 10. O-O-O Kf8 11. h4 a6 12. Kb1 Qe7 13. Nd5 Qd8 14. g3 c6 15.
Ndc3 Qe7 16. d5 c5 17. Ng1 Qd8 18. Nh3 Qa5 19. Ng5 Rb8 20. f4 b5 21. Rc1 Kg7
22. Be2 Re8 23. f5 Nb6 24. fxg6 fxg6 25. Rhf1 Rb7 26. Ne6+ Bxe6 27. Rxf6 Bf7
28. Qg5 Nxc4 29. Bxh5 Qb4 30. Rc2 Na3+ 31. Kc1 Nxc2 32. Bxg6 Kf8 33. Qh6+ Ke7
34. Rxf7+ Kd8 35. Rxb7 Ne1 36. Qg7 Nd3+ 37. Kd1 Nxb2+ 38. Ke1 Rh8 1-0

[Event "Abierto Int. UNAM"]
[Site "Mexico MEX"]
[Date "2012.11.25"]
[Round "8"]
[White "Dobrov, Vladimir"]
[Black "Hambleton, Aman"]
[Result "1/2-1/2"]
[WhiteElo "2496"]
[BlackElo "2404"]
[PlyCount "88"]
[EventDate "2012.11.21"]
[EventType "swiss"]
[EventRounds "9"]
[EventCountry "MEX"]

1. Nf3 Nf6 2. c4 c5 3. g3 b6 4. Bg2 Bb7 5. O-O e6 6. Nc3 a6 7. Re1 Be7 8. e4 d6
9. d4 cxd4 10. Nxd4 Qc7 11. Be3 Nbd7 12. Rc1 O-O 13. f4 Rfe8 14. Nb1 Bc8 15.
Nf3 Qd8 16. Bc5 bxc5 17. Bf1 Bb7 18. Bg2 Bf8 19. Nc3 Be7 20. Nd4 Nb8 21. Ra1
Qc7 22. Rc1 Qd8 23. b4 g6 24. Bh3 Nfd7 25. e5 Bf8 26. Nd5 exd5 27. Qa4 f5 28.
exf6 Rxe1+ 29. Rxe1 Nxf6 30. Bc8 Qxc8 31. Qc6 Ne8 32. Rc1 Nc7 33. Ne6 Nxe6 34.
a4 Nd4 35. a5 Kf7 36. b5 Nxb5 37. Kg2 Nc7 38. Qxa6 Ncxa6 39. Kf3 Ke6 40. h4 d4+
41. Ke2 Bg7 42. Kd2 Bf6 43. Kd3 Bg7 44. Kd2 Kf7 1/2-1/2

[Event "Wch-U20"]
[Site "Athens GRE"]
[Date "2012.08.10"]
[Round "8.17"]
[White "Hambleton, Aman"]
[Black "Baron, Tal"]
[Result "1-0"]
[WhiteElo "2244"]
[BlackElo "2451"]
[PlyCount "101"]
[EventDate "2012.08.02"]
[EventType "swiss"]
[EventRounds "13"]
[EventCountry "GRE"]
[Source "Mark Crowther"]
[SourceDate "2012.08.13"]

1. d4 Nf6 2. c4 e6 3. Nc3 Bb4 4. Qc2 d5 5. a3 Bxc3+ 6. Qxc3 Ne4 7. Qc2 c5 8.
dxc5 Nc6 9. e3 Qa5+ 10. Bd2 Qxc5 11. b4 Qe7 12. Nf3 Nxd2 13. Qxd2 O-O 14. cxd5
Rd8 15. Be2 Rxd5 16. Qb2 b6 17. O-O Bb7 18. Rac1 Rad8 19. Rc2 e5 20. b5 Na5 21.
Rfc1 f6 22. h3 R5d6 23. Nd2 f5 24. Nc4 Rg6 25. Bf1 Nxc4 26. Rxc4 Qg5 27. Qxe5
h5 28. h4 Qh6 29. Rc7 Be4 30. Rc8 Rgd6 31. Bc4+ Kh7 32. Bf7 Rxc8 33. Rxc8 Rd1+
34. Kh2 Qd6 35. Qxd6 Rxd6 36. Bxh5 Rd2 37. Kg3 Rb2 38. Rc7 f4+ 39. Kxf4 Bxg2
40. Kg3 Bf1 41. Be8 a6 42. bxa6 Bxa6 43. h5 Bd3 44. Rc6 b5 45. Bg6+ Bxg6 46.
Rxg6 Rb3 47. Rg5 Kh6 48. Rc5 Kh7 49. Kg4 Rb1 50. e4 Rb3 51. e5 1-0

[Event "Fall ProAm"]
[Site "Guelph CAN"]
[Date "2011.11.05"]
[Round "3"]
[White "Hambleton, Aman"]
[Black "Itkin, David"]
[Result "1-0"]
[WhiteElo "2398"]
[BlackElo "2142"]
[PlyCount "69"]
[EventDate "2011.11.05"]
[EventType "swiss"]
[EventRounds "5"]
[EventCountry "CAN"]

1. d4 Nf6 2. c4 g6 3. Nc3 Bg7 4. e4 d6 5. f3 O-O 6. Be3 Nbd7 7. Nge2 c5 8. Qd2
a6 9. O-O-O cxd4 10. Nxd4 Ne5 11. Kb1 Bd7 12. Rc1 Qb8 13. Nd5 Nxd5 14. cxd5 Rc8
15. Be2 b5 16. Rxc8+ Qxc8 17. Rc1 Qb7 18. f4 Ng4 19. Bxg4 Bxg4 20. f5 gxf5 21.
h3 f4 22. Bxf4 Bd7 23. Bh6 Bxh6 24. Qxh6 Rc8 25. Qg5+ Kh8 26. Qxe7 Rxc1+ 27.
Kxc1 Qc8+ 28. Kd2 Kg8 29. Qxd6 Qc4 30. Nc6 Qxe4 31. Qxd7 Qxg2+ 32. Kc3 Qg7+ 33.
Kb3 Qg3+ 34. Kb4 Qf4+ 35. Ka5 1-0

[Event "Fall ProAm"]
[Site "Guelph CAN"]
[Date "2011.11.06"]
[Round "4"]
[White "Hambleton, Aman"]
[Black "Gusev, Nikita"]
[Result "1-0"]
[WhiteElo "2398"]
[BlackElo "2272"]
[PlyCount "63"]
[EventDate "2011.11.05"]
[EventType "swiss"]
[EventRounds "5"]
[EventCountry "CAN"]

1. d4 Nf6 2. c4 e6 3. Nc3 Bb4 4. Qc2 O-O 5. a3 Bxc3+ 6. Qxc3 b6 7. Bg5 Bb7 8.
f3 d5 9. cxd5 exd5 10. e3 Nbd7 11. Bd3 h6 12. Bh4 c5 13. Ne2 Rc8 14. Qd2 Qe7
15. O-O Rfe8 16. Bf2 a6 17. Rac1 Nb8 18. Ng3 Nc6 19. Nf5 Qf8 20. Bg3 Red8 21.
Bh4 g5 22. Bg3 Nh5 23. f4 Nxg3 24. Nxg3 cxd4 25. fxg5 Qe7 26. Nf5 Qxg5 27. h4
dxe3 28. Qe2 Qf6 29. Qh5 e2 30. Nxh6+ Qxh6 31. Qxh6 exf1=R+ 32. Rxf1 1-0

[Event "Fall ProAm"]
[Site "Guelph CAN"]
[Date "2011.11.06"]
[Round "5"]
[White "Sapozhnikov, Roman"]
[Black "Hambleton, Aman"]
[Result "1-0"]
[WhiteElo "2478"]
[BlackElo "2398"]
[PlyCount "89"]
[EventDate "2011.11.05"]
[EventType "swiss"]
[EventRounds "5"]
[EventCountry "CAN"]

1. d4 Nf6 2. c4 c5 3. d5 b5 4. cxb5 a6 5. f3 axb5 6. e4 Qa5+ 7. Bd2 b4 8. Na3
d6 9. Nc4 Qd8 10. Bg5 Nbd7 11. Nh3 g6 12. Be2 Bg7 13. O-O O-O 14. Nf2 Ba6 15.
f4 Bxc4 16. Bxc4 Nb6 17. Be2 Nfd7 18. Qd2 Ra7 19. Bb5 Ra5 20. a4 Rxb5 21. axb5
Nc4 22. Qe2 Nxb2 23. Ra2 Qb8 24. e5 h6 25. Bh4 dxe5 26. f5 e4 27. Rxb2 Bxb2 28.
Qxb2 g5 29. Bg3 Qxb5 30. Nxe4 Qc4 31. Re1 Qxd5 32. f6 e6 33. Qe2 Qf5 34. Rf1
Qg6 35. Bd6 Ra8 36. Bxc5 b3 37. Bd4 Ra4 38. Qe3 e5 39. Nc5 Rxd4 40. Nxd7 Rxd7
41. Qxb3 Rd8 42. Qb6 Re8 43. Qc6 Re6 44. Qc8+ Kh7 45. Qxe6 1-0

[Event "RA Summer Pickup #3"]
[Site "Ottawa CAN"]
[Date "2011.08.11"]
[Round "3"]
[White "Pacey, Kevin"]
[Black "Hambleton, Aman"]
[Result "0-1"]
[WhiteElo "2299"]
[BlackElo "2358"]
[PlyCount "46"]
[EventDate "2011.07.28"]
[EventType "swiss"]
[EventRounds "6"]
[EventCountry "CAN"]

1. g3 Nf6 2. Bg2 e6 3. c4 c5 4. Nf3 a6 5. Nc3 d6 6. O-O Be7 7. b3 O-O 8. Bb2
Qc7 9. d4 cxd4 10. Qxd4 Nbd7 11. Ne4 Rd8 12. Rfd1 b6 13. Nxd6 Nc5 14. Nxc8 Rxd4
15. Nxe7+ Qxe7 16. Bxd4 h6 17. Ne5 Rc8 18. b4 Nce4 19. f3 Nd6 20. Rac1 Nf5 21.
Bf2 Qxb4 22. f4 Qa3 23. Ra1 Ne3 0-1

[Event "CAN-op (Pinnacle 48th CAN Op Ch)"]
[Site "Toronto CAN"]
[Date "2011.07.09"]
[Round "1"]
[White "Hambleton, Aman"]
[Black "Cohen, Lawrence"]
[Result "1-0"]
[WhiteElo "2349"]
[BlackElo "1993"]
[PlyCount "91"]
[EventDate "2011.07.09"]
[EventType "swiss"]
[EventRounds "9"]
[EventCountry "CAN"]

1. d4 c5 2. d5 e5 3. Nc3 d6 4. e4 Nf6 5. Be2 a6 6. a4 b6 7. Nf3 Be7 8. O-O O-O
9. Qd3 Nbd7 10. Nd2 Ne8 11. Nc4 Rb8 12. f4 Bf6 13. Qg3 Bh4 14. Qf3 Bf6 15. g3
Be7 16. Bd2 Qc7 17. Qg2 f6 18. Bg4 b5 19. axb5 axb5 20. Na5 b4 21. Nc6 bxc3 22.
Nxe7+ Kh8 23. Bxc3 Nb6 24. Nxc8 Nxc8 25. fxe5 dxe5 26. Ra6 Nb6 27. Be2 Qd6 28.
Rfa1 Nc7 29. R6a5 Ra8 30. Rxa8 Ncxa8 31. Ra7 Rb8 32. Qf1 Nc7 33. Qa1 f5 34. b3
Re8 35. Ba5 fxe4 36. c4 Rb8 37. Bc3 Nd7 38. Qa4 Qh6 39. Qxd7 Qe3+ 40. Kh1 Qxe2
41. Qf5 Qd1+ 42. Kg2 Qc2+ 43. Kh3 Qxc3 44. Rxc7 Qe3 45. Qc8+ Rxc8 46. Rxc8# 1-0

[Event "CAN-op (Pinnacle 48th CAN Op Ch)"]
[Site "Toronto CAN"]
[Date "2011.07.10"]
[Round "2"]
[White "Baumgartner, Chris"]
[Black "Hambleton, Aman"]
[Result "0-1"]
[WhiteElo "1904"]
[BlackElo "2349"]
[PlyCount "50"]
[EventDate "2011.07.09"]
[EventType "swiss"]
[EventRounds "9"]
[EventCountry "CAN"]

1. e4 e6 2. Nf3 d5 3. Nc3 Nf6 4. e5 Nfd7 5. d4 c5 6. dxc5 Nc6 7. Bf4 Bxc5 8.
Bd3 a6 9. O-O h6 10. Bg3 g5 11. h3 h5 12. Re1 g4 13. hxg4 hxg4 14. Nh2 Qg5 15.
Qxg4 Qxg4 16. Nxg4 Rg8 17. Nf6+ Nxf6 18. exf6 Rxg3 19. Nxd5 Kf8 20. Nc7 Rb8 21.
Be4 Rg5 22. Rad1 Bb6 23. Bxc6 Bxc7 24. Be4 Ke8 25. Re3 Bd8 0-1

[Event "CAN-op (Pinnacle 48th CAN Op Ch)"]
[Site "Toronto CAN"]
[Date "2011.07.12"]
[Round "4"]
[White "Abrahams, Daniel"]
[Black "Hambleton, Aman"]
[Result "0-1"]
[WhiteElo "2161"]
[BlackElo "2349"]
[PlyCount "44"]
[EventDate "2011.07.09"]
[EventType "swiss"]
[EventRounds "9"]
[EventCountry "CAN"]

1. e4 e6 2. d4 d5 3. e5 c5 4. c3 Nc6 5. Nf3 Nh6 6. Bd3 f6 7. O-O Nf7 8. exf6
Qxf6 9. Bc2 Bd6 10. Be3 cxd4 11. cxd4 O-O 12. Nc3 Bd7 13. Rc1 Na5 14. Qd3 g6
15. Nb5 Bb8 16. b3 a6 17. Nc3 Bd6 18. Bb1 Ba3 19. Rce1 Nc6 20. Bd2 Rac8 21. Re3
Bd6 22. Rfe1 Nb4 0-1

[Event "CAN-op (Pinnacle 48th CAN Op Ch)"]
[Site "Toronto CAN"]
[Date "2011.07.14"]
[Round "6"]
[White "Itkin, David"]
[Black "Hambleton, Aman"]
[Result "0-1"]
[WhiteElo "2203"]
[BlackElo "2349"]
[PlyCount "74"]
[EventDate "2011.07.09"]
[EventType "swiss"]
[EventRounds "9"]
[EventCountry "CAN"]

1. e4 b6 2. d4 Bb7 3. Nc3 e6 4. Bd3 Bb4 5. Nge2 Nf6 6. Bg5 h6 7. Bh4 g5 8. Bg3
Nxe4 9. Bxe4 Bxe4 10. O-O Bxc3 11. Nxc3 Bg6 12. Qf3 Na6 13. Be5 O-O 14. Bf6 Bh5
15. Bxd8 Bxf3 16. Bxg5 Bxg2 17. Bxh6 Bxf1 18. Bxf8 Bh3 19. Be7 Kh7 20. Bh4 Nb4
21. Ne4 Rg8+ 22. Bg3 Rg6 23. f4 Bf5 24. Ng5+ Kg7 25. Nf3 Nxc2 26. Rc1 Rh6 27.
Kf2 c5 28. dxc5 bxc5 29. Bh4 f6 30. Ke2 d6 31. a3 Bg4 32. Rxc2 Rxh4 33. Kf2 Rh3
34. Rc3 Bxf3 35. Rxf3 Rxf3+ 36. Kxf3 a5 37. h4 d5 0-1

[Event "CAN-op (Pinnacle 48th CAN Op Ch)"]
[Site "Toronto CAN"]
[Date "2011.07.16"]
[Round "8"]
[White "Pitre, Ron"]
[Black "Hambleton, Aman"]
[Result "0-1"]
[WhiteElo "2190"]
[BlackElo "2349"]
[PlyCount "122"]
[EventDate "2011.07.09"]
[EventType "swiss"]
[EventRounds "9"]
[EventCountry "CAN"]

1. e4 b6 2. d4 Bb7 3. Bd3 Nf6 4. f3 e6 5. Ne2 c5 6. c3 Nc6 7. Nd2 cxd4 8. cxd4
Nb4 9. Bb1 d5 10. e5 Nd7 11. O-O b5 12. f4 g6 13. Nf3 Qb6 14. Be3 Bg7 15. Qe1
Nc6 16. Qg3 Ne7 17. Bf2 b4 18. Nc1 a5 19. Nd3 Ba6 20. Re1 Bxd3 21. Bxd3 a4 22.
Rec1 O-O 23. Qh4 Nf5 24. Qh3 h5 25. Bxf5 exf5 26. Ne1 Rfc8 27. Qf3 Qb5 28. Nd3
Bf8 29. Qe3 Qa6 30. Nc5 Bxc5 31. dxc5 Nf8 32. Qd2 Qb7 33. Rd1 Rd8 34. Rac1 Rac8
35. c6 Rxc6 36. Rxc6 Qxc6 37. Qxb4 Ne6 38. Bh4 Rc8 39. Qd6 Nxf4 40. Qxc6 Rxc6
41. Bf6 d4 42. Kf1 Ne6 43. b4 a3 44. b5 Rc2 45. b6 Kh7 46. b7 Rb2 47. Rd3 Rxb7
48. Rxa3 Rb1+ 49. Kf2 Rb2+ 50. Kf1 g5 51. Ra7 Kg6 52. a4 Nc5 53. Be7 d3 54.
Bxc5 Rb1+ 55. Kf2 d2 56. Ra6+ Kh7 57. Rd6 d1=Q 58. Rxd1 Rxd1 59. a5 Ra1 60. Bb4
Ra4 61. Bc3 f4 0-1

[Event "CAN-op (Pinnacle 48th CAN Op Ch)"]
[Site "Toronto CAN"]
[Date "2011.07.17"]
[Round "9"]
[White "Hambleton, Aman"]
[Black "Kong, Dezheng"]
[Result "1-0"]
[WhiteElo "2349"]
[BlackElo "2120"]
[PlyCount "85"]
[EventDate "2011.07.09"]
[EventType "swiss"]
[EventRounds "9"]
[EventCountry "CAN"]

1. d4 Nf6 2. c4 c5 3. d5 d6 4. Nc3 g6 5. e4 Bg7 6. h3 O-O 7. Nf3 Na6 8. Bd3 Nc7
9. Bg5 h6 10. Be3 e6 11. Qd2 exd5 12. exd5 Kh7 13. O-O b5 14. cxb5 Ncxd5 15.
Nxd5 Nxd5 16. Bxg6+ fxg6 17. Qxd5 Rb8 18. a4 Bb7 19. Qd3 Bxf3 20. gxf3 Rxf3 21.
Kg2 Qf6 22. Qe4 Rf8 23. Rad1 Qe5 24. Qxe5 Bxe5 25. b3 R3f6 26. Rd5 Bc3 27. Rfd1
Be5 28. R1d2 Re6 29. f4 Bxf4 30. Bxf4 Rxf4 31. Rxd6 Rxd6 32. Rxd6 Rb4 33. Rd7+
Kg8 34. Rxa7 Rxb3 35. Rc7 Rb4 36. a5 Rxb5 37. a6 Rb2+ 38. Kf3 Rb3+ 39. Kg2 Rb2+
40. Kf1 Ra2 41. a7 c4 42. Rc8+ Kf7 43. a8=Q 1-0

[Event "CAN-ch Post-Secondary A"]
[Site "Waterloo CAN"]
[Date "2011.01.15"]
[Round "1"]
[White "Ramaswamy, Kishor"]
[Black "Hambleton, Aman"]
[Result "1-0"]
[WhiteElo "2177"]
[BlackElo "2386"]
[PlyCount "63"]
[EventDate "2011.01.15"]
[EventType "team"]
[EventRounds "4"]
[EventCountry "CAN"]

1. d4 Nf6 2. Nf3 c5 3. c3 b6 4. Bg5 e6 5. e3 Bb7 6. Nbd2 Be7 7. Bd3 h6 8. Bh4
g5 9. Bg3 g4 10. Ne5 h5 11. dxc5 bxc5 12. e4 d6 13. Qa4+ Kf8 14. Nec4 d5 15.
Na5 dxe4 16. Bxe4 Bxe4 17. Nxe4 Qd5 18. Nxf6 Bxf6 19. O-O h4 20. Rad1 Qf5 21.
Bd6+ Kg7 22. f3 g3 23. hxg3 Bg5 24. g4 Qg6 25. Rfe1 c4 26. Qxc4 h3 27. Be5+ f6
28. Qc7+ Kh6 29. Bf4 e5 30. Bxg5+ Kxg5 31. Rxe5+ Kh4 32. g3+ 1-0

[Event "CAN-ch Post-Secondary A"]
[Site "Waterloo CAN"]
[Date "2011.01.16"]
[Round "3.2"]
[White "Sundar, Avinaash"]
[Black "Hambleton, Aman"]
[Result "1-0"]
[WhiteElo "2228"]
[BlackElo "2386"]
[PlyCount "72"]
[EventDate "2011.01.15"]
[EventType "team"]
[EventRounds "4"]
[EventCountry "CAN"]
[WhiteTeam "U of Waterloo - A"]
[BlackTeam "Western U - A"]

1. Nf3 Nf6 2. c4 c5 3. Nc3 e6 4. d4 cxd4 5. Nxd4 a6 6. e4 d6 7. Be2 Nbd7 8. O-O
Qc7 9. Qd3 b6 10. f4 Bb7 11. f5 Nc5 12. Qe3 e5 13. Nd5 Nxd5 14. exd5 Be7 15.
Nb3 h6 16. Qg3 Bf6 17. Be3 a5 18. Bxc5 bxc5 19. Nd2 a4 20. Ne4 Ke7 21. Rab1
Rhb8 22. Rf3 Bc8 23. Qf2 Bd7 24. g4 Kf8 25. h4 Qd8 26. Rh3 Ke7 27. g5 hxg5 28.
hxg5 Qg8 29. Kh2 Bxg5 30. Nxg5 Rb4 31. Ne4 f6 32. Nxc5 Rab8 33. Nxd7 Kxd7 34.
b3 g6 35. fxg6 Qxg6 36. Bd3 Qg5 1-0

[Event "Toronto Tch U2000 2007-08"]
[Site "Toronto CAN"]
[Date "2007.04.05"]
[Round "4"]
[White "Hambleton, Aman"]
[Black "Lamb, Bryan"]
[Result "0-1"]
[WhiteElo "2113"]
[BlackElo "2203"]
[PlyCount "96"]
[EventDate "2007.12.13"]
[EventType "team"]
[EventCountry "CAN"]

1. d4 Nf6 2. c4 g6 3. Nc3 Bg7 4. e4 d6 5. f3 O-O 6. Be3 e5 7. Nge2 Nc6 8. Qd2
a6 9. g4 exd4 10. Nxd4 Ne5 11. Be2 Bd7 12. g5 Ne8 13. f4 Nc6 14. h4 f5 15. h5
fxe4 16. hxg6 hxg6 17. c5 Nxd4 18. Bxd4 Be6 19. Bxg7 Nxg7 20. Nxe4 dxc5 21.
Nf6+ Kf7 22. Qc2 Qd4 23. Rh6 Qg1+ 24. Bf1 Qe3+ 25. Be2 Qg3+ 26. Kf1 Qxf4+ 27.
Ke1 Qg3+ 28. Kf1 Qxg5 29. Rh2 Qxf6+ 30. Rf2 Nf5 31. Qxc5 Kg7 32. Qxc7+ Rf7 33.
Qf4 Raf8 34. Bf3 g5 35. Qd2 Nd4 36. Qc3 Nxf3 37. Qxf6+ Rxf6 38. Ke2 Nd4+ 39.
Ke3 Rxf2 40. Kxd4 R8f4+ 41. Kc5 Rc2+ 42. Kb6 Rc6+ 43. Ka7 Rf7 44. Rf1 Re7 45.
Rd1 b5+ 46. Rd7 Rxd7+ 47. Kb8 Re7 48. b4 Rc8# 0-1

[Event "WYCC U16"]
[Site "Kemer/Antalya TUR"]
[Date "2007.11.18"]
[Round "1.29"]
[White "Hambleton, Aman"]
[Black "Janev, Tihomir"]
[Result "0-1"]
[WhiteElo "1819"]
[BlackElo "2265"]
[PlyCount "72"]
[EventDate "2007.11.18"]
[EventType "swiss"]
[EventRounds "11"]
[EventCountry "TUR"]
[Source "Reinhold Goldau"]
[SourceDate "2000.03.01"]

1. d4 d5 2. Nf3 Nf6 3. c4 c6 4. e3 Bf5 5. Nc3 e6 6. Be2 Nbd7 7. Nh4 Bg6 8. Nxg6
hxg6 9. O-O Bd6 10. h3 g5 11. e4 Nxe4 12. Nxe4 dxe4 13. d5 exd5 14. cxd5 c5 15.
Qa4 Qe7 16. Bg4 O-O-O 17. Re1 Rhe8 18. f3 Qe5 19. Rxe4 Qh2+ 20. Kf1 Rxe4 21.
Qxe4 g6 22. Bxd7+ Rxd7 23. Be3 Re7 24. Qd3 Qh1+ 25. Bg1 Bh2 26. Kf2 Bf4 27. d6
Re6 28. d7+ Kd8 29. Qf1 g4 30. fxg4 Bd6 31. g5 Re5 32. Qd3 Rf5+ 33. Ke3 Qxg2
34. Qxd6 Rf3+ 35. Ke4 Qe2+ 36. Kd5 Rf5+ 0-1

[Event "WYCC U16"]
[Site "Kemer/Antalya TUR"]
[Date "2007.11.19"]
[Round "2.36"]
[White "Kilpatrick, Callum"]
[Black "Hambleton, Aman"]
[Result "1-0"]
[WhiteElo "2189"]
[BlackElo "1819"]
[PlyCount "158"]
[EventDate "2007.11.18"]
[EventType "swiss"]
[EventRounds "11"]
[EventCountry "TUR"]
[Source "Reinhold Goldau"]
[SourceDate "2000.03.01"]

1. e4 e6 2. d4 d5 3. Nc3 Bb4 4. e5 c5 5. a3 Bxc3+ 6. bxc3 Qc7 7. Qg4 f5 8. Qh5+
Qf7 9. Qxf7+ Kxf7 10. Nf3 cxd4 11. cxd4 h6 12. h4 Ne7 13. Bd3 b6 14. a4 Ba6 15.
Kd2 Bxd3 16. Kxd3 Nbc6 17. Bd2 Rac8 18. Rhb1 Rc7 19. Rb3 Rb8 20. Rab1 Rbc8 21.
R1b2 Kg6 22. Rb5 Kh5 23. Rb1 Nb8 24. R1b2 Nd7 25. R5b3 Kg4 26. Bb4 Ng6 27. Kd2
Rc4 28. g3 a5 29. Bd6 Rxa4 30. Nh2+ Kh5 31. Rd3 Nh8 32. f3 Rac4 33. g4+ fxg4
34. fxg4+ Kg6 35. h5+ Kh7 36. Nf3 Nf7 37. Be7 Re8 38. Bh4 Rb8 39. Ng1 b5 40.
Ne2 Rc6 41. Rf3 Kg8 42. Rc3 Rxc3 43. Kxc3 Nb6 44. Rb1 Nc4 45. Nf4 Rb6 46. Be7
Rb7 47. Bh4 Rb6 48. Be7 b4+ 49. Kd3 Rc6 50. Rf1 Na3 51. Bc5 Nc4 52. Be7 Rc8 53.
Ng6 Re8 54. Bc5 Nd8 55. Ne7+ Kh7 56. Ng6 Nb7 57. Bf8 Nd8 58. Bc5 Kg8 59. Ne7+
Kh7 60. Ng6 Nb2+ 61. Kd2 Na4 62. Bd6 Nb6 63. Bc5 Na4 64. Bd6 Nb7 65. Rf7 Nd8
66. Ra7 Kg8 67. Rxa5 Nb6 68. Ra6 Nc4+ 69. Ke2 Nf7 70. Bxb4 Nh8 71. Nf8 Kf7 72.
Ra7+ Kg8 73. Ra6 Kf7 74. Ra1 Kg8 75. Ra7 Nf7 76. Ng6 Ng5 77. Be7 Ne4 78. Nf4
Kf7 79. Bf6+ Kf8 1-0

[Event "WYCC U16"]
[Site "Kemer/Antalya TUR"]
[Date "2007.11.22"]
[Round "5.43"]
[White "Hambleton, Aman"]
[Black "Hasanagic, Anel"]
[Result "1/2-1/2"]
[WhiteElo "1819"]
[BlackElo "2077"]
[PlyCount "80"]
[EventDate "2007.11.18"]
[EventType "swiss"]
[EventRounds "11"]
[EventCountry "TUR"]
[Source "Reinhold Goldau"]
[SourceDate "2000.03.01"]

1. d4 Nf6 2. c4 e6 3. Nf3 b6 4. g3 Bb7 5. Bg2 Be7 6. O-O O-O 7. Nc3 c5 8. d5
exd5 9. cxd5 d6 10. Re1 Nbd7 11. e4 a6 12. a4 Ne8 13. Bf4 Bf6 14. Qd2 g6 15. h4
Ne5 16. Nxe5 dxe5 17. Bh6 Bg7 18. Bxg7 Kxg7 19. Nd1 Bc8 20. Qc3 Qe7 21. Ne3 Nf6
22. Nc4 Nd7 23. Bh3 f6 24. Bxd7 Bxd7 25. Nxb6 Rab8 26. a5 Bb5 27. Qa3 f5 28.
Rac1 fxe4 29. Rxe4 Qf6 30. Qe3 Rbe8 31. Rxc5 Bd3 32. Nd7 Qf7 33. Rxe5 Qxd7 34.
Qxd3 Rxe5 35. Qc3 Qf5 36. f4 Qb1+ 37. Kh2 Rff5 38. d6 Qf1 39. Rxe5 Qf2+ 40. Kh3
Qf1+ 1/2-1/2

[Event "WYCC U16"]
[Site "Kemer/Antalya TUR"]
[Date "2007.11.22"]
[Round "6.43"]
[White "Lupascu, Dorin"]
[Black "Hambleton, Aman"]
[Result "1/2-1/2"]
[WhiteElo "2014"]
[BlackElo "1819"]
[PlyCount "124"]
[EventDate "2007.11.18"]
[EventType "swiss"]
[EventRounds "11"]
[EventCountry "TUR"]
[Source "Reinhold Goldau"]
[SourceDate "2000.03.01"]

1. e4 e6 2. d4 d5 3. e5 c5 4. c3 Qb6 5. Nf3 Bd7 6. a3 Ne7 7. b4 cxb4 8. axb4
Bb5 9. Bxb5+ Qxb5 10. Na3 Qb6 11. Qa4+ Nd7 12. O-O Nc6 13. Nd2 Be7 14. b5 Ncb8
15. Nb3 O-O 16. Bd2 Qc7 17. Na5 Nb6 18. Qb3 Rc8 19. c4 Bxa3 20. Rxa3 Nxc4 21.
Rc1 Nd7 22. Nxc4 dxc4 23. Qa2 h6 24. Ba5 Nb6 25. Ra4 Rab8 26. h3 Qd7 27. Bxb6
axb6 28. Raxc4 Rxc4 29. Qxc4 Rd8 30. Qc7 Qxc7 31. Rxc7 Rd5 32. f3 Rxb5 33. Kf2
Rb3 34. h4 h5 35. Rxb7 b5 36. Rb8+ Kh7 37. Rb7 Kg8 38. Kg3 Rd3 39. Rxb5 Rxd4
40. Rb7 g6 41. Rc7 Kg7 42. Rc3 Rd5 43. Re3 Rd1 44. Kf4 Rh1 45. g3 Rh3 46. Rd3
Rh1 47. Rd7 Re1 48. Rd4 Re2 49. Rd1 Ra2 50. Re1 Ra4+ 51. Re4 Ra8 52. Re3 Rb8
53. Kg5 Rb1 54. Kf4 Rb4+ 55. Re4 Rb1 56. g4 hxg4 57. fxg4 Rh1 58. Kg5 Rg1 59.
Re3 Rg2 60. Rf3 Re2 61. Kf4 Rh2 62. Kg3 Re2 1/2-1/2

[Event "WYCC U16"]
[Site "Kemer/Antalya TUR"]
[Date "2007.11.27"]
[Round "10.46"]
[White "Poleshchuk, Dmitriy"]
[Black "Hambleton, Aman"]
[Result "0-1"]
[WhiteElo "2162"]
[BlackElo "1819"]
[PlyCount "106"]
[EventDate "2007.11.18"]
[EventType "swiss"]
[EventRounds "11"]
[EventCountry "TUR"]
[Source "Reinhold Goldau"]
[SourceDate "2000.03.01"]

1. e4 e6 2. d4 d5 3. Nd2 c5 4. exd5 Qxd5 5. Ngf3 cxd4 6. Bc4 Qd6 7. O-O Nf6 8.
Nb3 Nc6 9. Nbxd4 Nxd4 10. Nxd4 Bd7 11. c3 a6 12. a4 Qc7 13. Bb3 e5 14. Nf3
O-O-O 15. Qe1 Bd6 16. Ng5 Be8 17. Bc2 h6 18. Ne4 Nxe4 19. Bxe4 g6 20. g3 f5 21.
Bg2 Bf7 22. f3 f4 23. b4 Rhe8 24. Qf2 Kb8 25. Bd2 Bc4 26. Rfe1 g5 27. g4 h5 28.
gxh5 Rh8 29. Bf1 Bxf1 30. Rxf1 Rxh5 31. Qe2 Rdh8 32. Rf2 Rh3 33. c4 g4 34. fxg4
Qh7 35. Re1 f3 36. Qe4 Qh4 37. Kf1 Rxh2 38. Qxf3 Rxf2+ 39. Qxf2 Rf8 40. Qxf8+
Bxf8 41. Rxe5 Qh1+ 42. Ke2 Qh2+ 43. Kf3 Qxd2 44. Re8+ Ka7 45. Rxf8 Qd1+ 46. Ke4
Qxg4+ 47. Rf4 Qe2+ 48. Kd5 Qd2+ 49. Rd4 Qxb4 50. c5 Qb3+ 51. Kd6 Qf7 52. Re4
Qf6+ 53. Kd5 Qc6+ 0-1

[Event "WYCC U16"]
[Site "Kemer/Antalya TUR"]
[Date "2007.11.28"]
[Round "11.41"]
[White "Hambleton, Aman"]
[Black "Akdag, Dara"]
[Result "1/2-1/2"]
[WhiteElo "1819"]
[BlackElo "2042"]
[PlyCount "85"]
[EventDate "2007.11.18"]
[EventType "swiss"]
[EventRounds "11"]
[EventCountry "TUR"]

1. d4 e6 2. c4 b6 3. Nf3 Bb7 4. g3 f5 5. Bg2 Nf6 6. O-O Be7 7. Nc3 O-O 8. Qc2
Qc8 9. b3 d6 10. Bb2 Ne4 11. e3 Nd7 12. Nd2 Nxd2 13. Qxd2 Bxg2 14. Kxg2 Qb7+
15. f3 Rad8 16. Qe2 Bf6 17. Rad1 d5 18. Kg1 Rfe8 19. e4 Nf8 20. e5 Be7 21. cxd5
exd5 22. Qd3 g6 23. Ne2 Ne6 24. f4 Rc8 25. g4 Rf8 26. Ng3 Ng7 27. h3 Bh4 28.
Ne2 Rfd8 29. Rd2 c5 30. dxc5 bxc5 31. Qf3 Qc6 32. Rfd1 d4 33. Qxc6 Rxc6 34. b4
cxb4 35. Bxd4 a5 36. Kg2 Ne6 37. Be3 Rxd2 38. Rxd2 Kf7 39. Ng3 Ng7 40. Ne2 a4
41. Nd4 Rc4 42. Nb5 Ke8 43. Nd6+ 1/2-1/2